| 000 | 00759nam a2200241 a 4500 | ||
|---|---|---|---|
| 001 | 57548 | ||
| 003 | BD-RjUL | ||
| 005 | 20260504141318.0 | ||
| 008 | 101216r20181996enka b 001 0 eng | ||
| 020 | _a0415147166 | ||
| 020 | _a0415147174 (pbk.) | ||
| 035 | _a(BD-RjUL) 57548 | ||
| 040 |
_aDLC _cDLC _dDLC _dBD-RjUL _beng |
||
| 041 | _aeng | ||
| 082 | 0 | 0 |
_223 _a302.201 _bCOM 2018 |
| 245 | 0 | 4 |
_aThe communication theory reader / _cedited by Paul Cobley. |
| 260 |
_aLondon ; _aNew York : _bRoutledge, _cc1996, [reprinted 2018] |
||
| 300 |
_axii, 506 p. : _bill. ; _c24 cm. |
||
| 504 | _aIncludes bibliographical references (p. 486-501) and index. | ||
| 650 | 0 |
_aCommunication _xPhilosophy. _9170889 |
|
| 700 | 1 |
_aCobley, Paul, _d1963- _918332 |
|
| 942 |
_2ddc _cBK |
||
| 999 |
_c57548 _d57548 |
||